000 00807nam a2200253Ia 4500
003 OSt
005 20220923221023.0
006 a|||||r|||| 00| 0
007 ta
008 220922b |||||||| |||| 00| 0 hin d
024 _a193,843
037 _cTextual
040 _aARTS
_cARTS
_bhin
041 _2hin
_ahin
082 _aO152,3xN8, M1
100 _aशर्मा, सुरेश, संपा.
_9156274
245 0 _aपिया की अनुगूंज
246 _aPiyā kī anugūanja
260 _aदिल्ली
_b पंकज प्रका0
_c1981
300 _a115i``0
_ccm.
650 _aहिन्दी साहित्य
_9156264
942 _hO152,3xN8, M1
_cTEXL
_2CC
999 _c346260
_d346260